| 000 | 00456 a2200157 4500 | ||
|---|---|---|---|
| 005 | 20250617142929.0 | ||
| 020 | _a978 1 905292 77 6 | ||
| 082 | _a004 AND | ||
| 100 | _aANDERSON, K. | ||
| 245 | _aOCR Nationals ICT. | ||
| 260 |
_aLondon, _bPayne - Gall way, _c2009. |
||
| 300 |
_av, 400p.: ill.; figure, picture. _bIndex _c26cm |
||
| 700 | _aMANSON, G. & WHITE, V. | ||
| 856 |
_yAccess online book _fComputer. _dwww.pearsonschoolsandfe.co.uk |
||
| 942 |
_2ddc _cBKS |
||
| 999 |
_c155 _d155 |
||